[Event "DESC SE056 email"]
[Site "DESC email"]
[Date "2002.??.??"]
[Round "?"]
[White "Engl, Heinz"]
[Black "Klein, Martin"]
[Result "1-0"]
[WhiteElo "1500"]
[BlackElo "1500"]
[PlyCount "43"]
[EventDate "2002.??.??"]
[EventType "tourn (corr)"]
[EventRounds "6"]
[EventCountry "GER"]
[SourceTitle "Corr 2004"]
[Source "ChessBase"]
[SourceDate "2003.04.28"]
[SourceVersion "3"]
[SourceVersionDate "2003.04.28"]
[SourceQuality "1"]

1. e4 Nf6 2. e5 Nd5 3. d4 d6 4. c4 Nb6 5. exd6 exd6 6. Nc3 Be6 7. Nf3 Be7 8. Bd3 N8d7 9. b3 0-0 10. 0-0 Re8 11. Re1 h6 12. Bc2 Nf6 13. h3 a6 14. d5 Bd7 15. Be3 c6 16. Qd3 Rc8 17. Bd4 Kf8 18. Rxe7 Kxe7 19. Bxf6+ Kxf6 20. Qd4+ Ke7 21. Qxg7 Bxh3 22. Kh2 1-0

[Event "DESC op G12 email"]
[Site "DESC email"]
[Date "2002.??.??"]
[Round "1"]
[White "Klein, Martin"]
[Black "Buchmann, Hans Peter"]
[Result "0-1"]
[WhiteElo "1709"]
[BlackElo "1962"]
[PlyCount "22"]
[EventDate "2002.??.??"]
[EventType "tourn (corr)"]
[EventRounds "6"]
[EventCountry "GER"]
[SourceTitle "Corr 2004"]
[Source "ChessBase"]
[SourceDate "2003.04.28"]
[SourceVersion "3"]
[SourceVersionDate "2003.04.28"]
[SourceQuality "1"]

1. e4 e5 2. Nf3 Nf6 3. Nc3 Bb4 4. Nxe5 0-0 5. f3 d5 6. Nxd5 Nxd5 7. exd5 Re8 8. f4 f6 9. a3 fxe5 10. axb4 Qh4+ 11. g3 exf4+ 0-1

[Event "DESC op G12 email"]
[Site "DESC email"]
[Date "2002.??.??"]
[Round "1"]
[White "Klein, Martin"]
[Black "John, Guenter"]
[Result "0-1"]
[WhiteElo "1709"]
[BlackElo "1904"]
[PlyCount "82"]
[EventDate "2002.??.??"]
[EventType "tourn (corr)"]
[EventRounds "6"]
[EventCountry "GER"]
[SourceTitle "Corr 2004"]
[Source "ChessBase"]
[SourceDate "2003.04.28"]
[SourceVersion "3"]
[SourceVersionDate "2003.04.28"]
[SourceQuality "1"]

1. e4 g6 2. Nc3 Bg7 3. d4 d6 4. Nf3 Nf6 5. Bc4 0-0 6. 0-0 Nxe4 7. Nxe4 d5 8. Bxd5 Qxd5 9. Nc3 Qa5 10. Be3 Rd8 11. a3 c5 12. Ne4 cxd4 13. Bd2 Qb5 14. b3 Qc6 15. Re1 Bf5 16. Nfg5 h6 17. g4 Bd7 18. Nh3 f5 19. gxf5 Bxf5 20. Qf3 Nd7 21. Ba5 b6 22. Bb4 d3 23. Bxe7 Bxe4 24. Qxe4 Qxe4 25. Rxe4 Bxa1 26. cxd3 Re8 27. Nf4 Kf7 28. Nd5 Rac8 29. Bd6 Rxe4 30. dxe4 Be5 31. Bb4 Rc1+ 32. Kg2 Rb1 33. Bd2 g5 34. b4 b5 35. Be3 a6 36. h4 gxh4 37. Kh3 Ra1 38. Kg2 Nf6 39. Nxf6 Bxf6 40. Bxh6 Rxa3 41. Bd2 Bc3 0-1

[Event "DESC SE056 email"]
[Site "DESC email"]
[Date "2002.??.??"]
[Round "?"]
[White "Leisebein, Peter"]
[Black "Klein, Martin"]
[Result "1-0"]
[WhiteElo "2188"]
[BlackElo "1500"]
[PlyCount "31"]
[EventDate "2002.??.??"]
[EventType "tourn (corr)"]
[EventRounds "6"]
[EventCountry "GER"]
[SourceTitle "Corr 2004"]
[Source "ChessBase"]
[SourceDate "2003.04.28"]
[SourceVersion "3"]
[SourceVersionDate "2003.04.28"]
[SourceQuality "1"]

1. d4 d5 2. e4 dxe4 3. Nc3 Nf6 4. f3 exf3 5. Nxf3 Bg4 6. h3 Bxf3 7. Qxf3 c6 8. g4 Qxd4 9. Be3 Qd6 10. g5 Nfd7 11. Qf2 b6 12. Bg2 f6 13. 0-0 Ne5 14. Rad1 Qb4 15. Qf5 Nbd7 16. Bxc6 1-0